Administração pública : (Record no. 1418)
[ view plain ]
| 000 -LÍDER | |
|---|---|
| Campo Fixo de Controle | 01102nam a2200253 a 4500 |
| 001 - NÚMERO DE CONTROLE | |
| Campo de Controle | 1418 |
| 003 - IDENTIFICAÇÃO DO NÚMERO DE CONTROLE | |
| Campo de Controle | BR-CuiBMT |
| 005 - DATA E HORA DA ÚLTIMA ATUALIZAÇÃO | |
| Campo de Controle | 20231207215131.0 |
| 008 - DADOS FIXOS | |
| Dados Fixos | 231207s2006 dfb 001 0 por d |
| 040 ## - AGÊNCIA CATALOGADORA | |
| Código da Agência Catalogadora | BR-CuiBMT |
| Agência que transcreveu o registro | BR-CuiBMT |
| 080 ## - Nº DA CLASSIFICAÇÃO DECIMAL UNIVERSAL | |
| Nº edição CDU | 2007 |
| Nº Class. CDU | 35.078.3 |
| 090 ## - NÚMERO DE CHAMADA | |
| Nº classificação | 35.078.3 |
| Cutter | B823a |
| 110 1# - ENTRADA PRINCIPAL -- ENTIDADE | |
| Nome da entidade ou lugar | Brasília |
| Unidade subordinada | Senado Federal, Subsecretaria de Edições Técnicas, |
| 245 ## - TÍTULO PRINCIPAL | |
| Título principal | Administração pública : |
| Subtítulo | normas e regulamentos / |
| Indicação de responsabilidade | [organização: Paulo Roberto Moraes de Aguiar]. |
| 260 ## - PUBLICAÇÃO, DISTRIBUIÇÃO, ETC. | |
| Local de publicação | Brasília : |
| Editora | Senado Federal, Subsecretaria de Edições Técnicas , |
| Data | 2008. |
| 300 ## - DESCRIÇÃO FÍSICA | |
| N. páginas ou volumes | 289 p.: |
| Dimensões | 23 cm |
| 500 ## - NOTAS GERAIS | |
| Notas gerais | Dispositivos Constitucionais Pertinentes – Lei Complementar no 101/2000 – Legislação Básica – Normas Correlatas – Decretos – Glossário – Índice de Assuntos e Entidades. |
| 504 ## - NOTA DE BIBLIOGRAFIA, ETC. | |
| Nota de bibliografia | Inclui índice. |
| 650 ## - ASSUNTO TÓPICO | |
| Cabeçalho tópico ou nome geográfico | Administração pública |
| Subdivisão geral | normas e regulamentos |
| Subdivisão geográfica | Brasil |
| 650 ## - ASSUNTO TÓPICO | |
| Cabeçalho tópico ou nome geográfico | Direito administrativo |
| Subdivisão geral | legislação |
| Subdivisão geográfica | Brasil |
| 700 ## - ENTRADA SECUNDÁRIA -- NOME PESSOAL | |
| Cód. do termo explicativo | org. |
| Nome pessoal | Aguiar, Paulo Roberto Moraes de |
| 710 ## - ENTRADA SECUNDÁRIA -- ENTIDADE | |
| Nome da entidade ou lugar | Brasil |
| Unidade subordinada | Subsecretaria de Edições Técnicas |
| 942 ## - ELEMENTOS DE ENTRADA ADICIONAIS (KOHA) | |
| Fonte de classificação ou esquema de arquivamento | Classificação Decimal Universal |
| Tipo de item do Koha | Livros |
| Estado: removido | Estado: perdido | Fonte de classificação ou esquema de arquivamento | Estado: danificado | Indisponível para empréstimo | Localização permanente | Localização atual | Data de aquisição | Total Checkouts | Número de Chamada completo | Código de barras | Date last seen | Número do exemplar | Preço efetivo a partir de | Tipo de item (Koha) |
|---|---|---|---|---|---|---|---|---|---|---|---|---|---|---|
| Classificação Decimal Universal | Biblioteca da Escola Superior de Contas do TCE/MT | Biblioteca da Escola Superior de Contas do TCE/MT | 07/12/2023 | 35.078.3 B823a | BIBTCEMT23120303 | 07/12/2023 | Ex. 1 | 07/12/2023 | Livros |